Statistics for Tom Hiddleston Movies

Click here to take the quiz!

General Stats

  • This quiz has been taken 51 times
  • The average score is 10 of 26

Answer Stats

YearMovies% Correct
2012The Avengers
95%
2011Thor
95%
2017Thor: Ragnarok
74%
2018Avengers: Infinity War
70%
2013Thor: The Dark World
70%
2019Avengers: Endgame
58%
2015Crimson Peak
56%
2017Kong: Skull Island
53%
2011War Horse
51%
2015High-Rise
49%
2015I Saw the Light
47%
2011The Deep Blue Sea
42%
2011Midnight in Paris
37%
2013Only Lovers Left Alive
37%
2018Early Man
35%
2007Unrelated
35%
2014The Muppets Most Wanted
30%
2014The Pirate Fairy
28%
2010Archipelago
23%
2013Exhibition
16%
2001Conspiracy
14%
2007Miss Austen Regrets
14%
2014Coriolanus
7%
2002The Gathering Storm
7%
2005A Waste of Shame: The Mystery of Shakespeare and His Sonnets
2%
2001The Life and Adventures of Nicholas Nikleby
0%

Score Distribution

Percentile by Number Answered

Percent of People with Each Score

Your Score History

You have not taken this quiz